Louis Tomlinson - High In California (All Lyrics) - Statistics

General Stats
  • This quiz has been taken 18 times
    16 since last reset
  • The average score is 251 of 314
Answer Stats
Answer % Correct
a
100%
be
100%
California
100%
I
100%
in
100%
me
100%
Smoke
100%
smoke
100%
so
100%
some
100%
summertime
100%
the
100%
wanna
100%
weed
100%
when
100%
When
100%
feel
92%
had
92%
Outside
92%
outside
92%
alive
83%
always
83%
bad
83%
change
83%
for
83%
It
83%
it
83%
life
83%
my
83%
on
83%
said
83%
thinking
83%
To
83%
to
83%
whole
83%
go
75%
it’s
75%
just
75%
of
75%
They
75%
try
75%
you
75%
all
67%
All
67%
can
67%
down
67%
Everything
67%
I’m
67%
is
67%
makes
67%
See
67%
Spent
67%
where
67%
windows
67%
and
58%
Blue
58%
green
58%
light
58%
like
58%
than
58%
waves
58%
anyone
50%
around
50%
before
50%
better
50%
different
50%
else
50%
goes
50%
holding
50%
roll
50%
Somewhere
50%
Sun
50%
sun
50%
surroundin'
50%
take
50%
these
50%
were
50%
changes
42%
golden
42%
hour
42%
Never
42%
room
42%
same
42%
seems
42%
come
33%
comin'
33%
could
33%
into
33%
Keep
33%
Let
33%
nothing
33%
through
33%
wash
33%
bloom
25%
clouds
25%
dream
25%
hope
25%
stays
25%
Time
25%
until
25%
No matching quizzes found
Score Distribution
Percent of People with Each Score
Percentile by Number Answered
Your Score History
You have not taken this quiz since the last reset